Pays à majorité musumlane - Mort Subite - Statistiques

Statistiques générales
  • Ce quiz a été pris 1 683 fois
  • Le résultat moyen est 10 sur 21
Answers on the Grid
Answers color-coded by a green-red scale on the quiz's grid according to % correct below.
Albanie
Tchad
Sénégal
Malaisie
Comores
Kirghizistan
Liban
Guinée
Kosovo
Somalie
Maroc
Koweit
Turkménistan
Oman
Soudan
Ouzbekistan
Azerbaïdjan
Bangladesh
Djibouti
Algérie
Ethiopie
Seychelles
République Centrafricaine
Lesotho
Jamaïque
Slovaquie
Salvador
Erythrée
Mozambique
Serbie
Brukina Faso
Tanzanie
 
Statistiques - réponses
Réponse % Correct
Maroc
77%
Algérie
74%
Oman
62%
Koweit
59%
Soudan
57%
Liban
52%
Bangladesh
50%
Sénégal
50%
Malaisie
49%
Somalie
49%
Comores
48%
Turkménistan
48%
Azerbaïdjan
47%
Ouzbekistan
47%
Kirghizistan
41%
Tchad
41%
Djibouti
40%
Albanie
36%
Kosovo
35%
Brukina Faso
25%
Guinée
25%
Aucun quiz correspondant
Distribution des résultats
% des personnes avec chaque résultat
Percentile par nombre de réponses
Votre historique - résultats
Vous n’avez pas pris ce quiz